[Event "ESP-chT U16"]
[Site "Benidorm"]
[Date "2012.12.08"]
[Round "4"]
[White "Pozanco Romasanta, Marc"]
[Black "De Giorgi Benavent, Cosimo Leo"]
[Result "1-0"]
[WhiteElo "2038"]
[BlackElo "1572"]
[PlyCount "58"]
[EventDate "2012.12.06"]
[EventType "team-swiss"]
[EventRounds "6"]
[EventCountry "ESP"]
[SourceTitle "EXT 2022"]
[Source "ChessBase"]
[SourceDate "2021.10.06"]
[SourceVersion "1"]
[SourceVersionDate "2021.10.06"]
[SourceQuality "1"]
[WhiteTeam "Cerdanyola Valles"]
[BlackTeam "Villafranca"]
[WhiteTeamCountry "ESP"]
[BlackTeamCountry "ESP"]

1. d4 Nf6 2. c4 g6 3. Nc3 Bg7 4. e4 d6 5. Be2 0-0 6. Bg5 Nbd7 7. Qd2 e5 8. d5 a6 9. f3 Qe8 10. g4 Nc5 11. h4 Bd7 12. h5 Rb8 13. Bh6 Qe7 14. Bxg7 Kxg7 15. Bd1 b5 16. b4 Nb7 17. cxb5 axb5 18. Be2 Nd8 19. Bf1 Rh8 20. Nge2 c6 21. Ng3 cxd5 22. g5 Ng8 23. Nxd5 Qe8 24. h6+ Kf8 25. Ne2 Bc6 26. Nec3 Ne6 27. Nf6 Nxf6 28. Qxd6+ Qe7 29. Qxb8+ Qd8 1-0